Word Ladder: Bash Brothers Quiz Stats

 Plays Quiz Updated Mar 28, 2019

Score 0/16 Timer 01:30
2 Plays Today
Clue 4 Letter Word % Correct
Capital of ItalyROME
97.1%
FinishedDONE
94.5%
New York state flowerROSE
94.5%
Son on 'The Simpsons'BART
91.6%
A mound or ridge of sandDUNE
89.7%
Convenience storeMART
88.4%
Gunsmoke star '____ Reynolds'BURT
86.6%
• Bash Brother '____ McGwire' •• MARK •
82.5%
Clue 4 Letter Word % Correct
• Bash Brother '____ Canseco' •• JOSE •
81.6%
• 1st Word - Bash Brothers' Calling Card •• HOME •
79.2%
Practice one's craftHONE
79.1%
Letter or stone of mysterious significanceRUNE
75.2%
Break openBUST
65.5%
• 2nd Word - Bash Brothers' Calling Card •• RUNS •
63.3%
Give a kiss toBUSS
50.8%
Hodges the baseball sportscasterRUSS
46.9%

Today's Daily Dose

Missing Word
Banned Books (A-Z)

Word Ladder
Janis Joplin

Get the Picture
Occupations

You're not logged in!

Compare scores with friends on all Sporcle quizzes.
OR
Log In

Sporcle TV

Today on Sporcle TV


Watch our educational content, quiz creation guides, and fun videos on Sporcle TV.

Show Comments

Extras

Top Quizzes Today


Score Distribution

Your Account Isn't Verified!

In order to create a playlist on Sporcle, you need to verify the email address you used during registration. Go to your Sporcle Settings to finish the process.

Report this User

Report this user for behavior that violates our Community Guidelines.

Details: